书目信息 |
| 题名: |
上海资源环境发展报告
|
|
| 作者: | 周冯琦 , 胡静 主编 | |
| 分册: | 2019 上海环保四十年: 迈向生态之城 | |
| 出版信息: | 北京 社会科学文献出版社 2019.01 |
|
| 页数: | 395页 | |
| 开本: | 24cm | |
| 丛书名: | 皮书系列 | |
| 单 册: | ||
| 中图分类: | X372.51 | |
| 科图分类: | ||
| 主题词: | 自然资源--zi ran zi yuan--研究报告--上海--2019 , 环境保护--huan jing bao hu--研究报告--上海--2019 | |
| 电子资源: | ||
| ISBN: | 978-7-5201-4212-0 | |
| 000 | 01704nam 2200349 450 | |
| 001 | 0100011158 | |
| 005 | 20190905093952.0 | |
| 010 | @a978-7-5201-4212-0@dCNY128.00 | |
| 100 | @a20190904d2019 em y0chiy50 ea | |
| 101 | 0 | @achi@deng@eeng |
| 102 | @aCN@b110000 | |
| 105 | @aak a 000yy | |
| 106 | @ar | |
| 200 | 1 | @a上海资源环境发展报告@Ashang hai zi yuan huan jing fa zhan bao gao@h2019@i上海环保四十年: 迈向生态之城@d= Annual report on resources and environment of Shanghai@h2019@f主编周冯琦, 胡静@zeng |
| 210 | @a北京@c社会科学文献出版社@d2019.01 | |
| 215 | @a395页@c图@d24cm | |
| 225 | 2 | @a皮书系列@Api shu xi lie |
| 300 | @a上海蓝皮书 “十二五”“十三五”国家重点图书出版规划项目 2019版 | |
| 314 | @a周冯琦, 上海社会科学院生态与可持续发展研究所所长, 上海市生态经济学会会长。胡静, 上海市环境科学研究院低碳经济研究中心主任, 高级工程师。 | |
| 320 | @a有书目 | |
| 330 | @a本书以“上海环保四十年: 迈向生态之城”为主题, 全书分为总报告 ; 回顾篇 ; 比较篇 ; 展望篇 ; 附录五部分, 主要内容包括: 改革开放以来上海环境保护发展进程回顾与展望、上海生态环境保护政策发展历程回顾等。 | |
| 410 | 0 | @12001 @a皮书系列 |
| 510 | 1 | @aAnnual report on resources and environment of Shanghai@h2019@zeng |
| 516 | 1 | @a2019上海蓝皮书·资源环境@A2019 shang hai lan pi shu · zi yuan huan jing |
| 517 | 1 | @a上海环保四十年: 迈向生态之城@Ashang hai huan bao si shi nian : mai xiang sheng tai zhi cheng |
| 606 | 0 | @a自然资源@Azi ran zi yuan@x研究报告@y上海@z2019 |
| 606 | 0 | @a环境保护@Ahuan jing bao hu@x研究报告@y上海@z2019 |
| 690 | @aX372.51@v5 | |
| 701 | 0 | @a周冯琦@Azhou feng qi@4主编 |
| 701 | 0 | @a胡静@Ahu jing@4主编 |
| 801 | 0 | @aCN@c20190905 |
| 905 | @a河南城建学院图书馆@dX372.51@eZ765:2019 | |
| 上海资源环境发展报告.2019.上海环保四十年: 迈向生态之城= Annual report on resources and environment of Shanghai.2019/主编周冯琦, 胡静.-北京:社会科学文献出版社,2019.01 |
| 395页:图;24cm.-(皮书系列) |
| 上海蓝皮书 “十二五”“十三五”国家重点图书出版规划项目 2019版 |
| ISBN 978-7-5201-4212-0:CNY128.00 |
| 本书以“上海环保四十年: 迈向生态之城”为主题, 全书分为总报告 ; 回顾篇 ; 比较篇 ; 展望篇 ; 附录五部分, 主要内容包括: 改革开放以来上海环境保护发展进程回顾与展望、上海生态环境保护政策发展历程回顾等。 |
| ● |
| 相关链接 |
|
|
|
正题名:上海资源环境发展报告
索取号:X372.51/Z765:2019
 
预约/预借
| 序号 | 登录号 | 条形码 | 馆藏地/架位号 | 状态 | 备注 |
| 1 | 1439513 | 214395135 | 自科库501/501自科库 67排2列4层/ [索取号:X372.51/Z765:2019] | 在馆 |